| 000 | 00478cam a22001934a 4500 | ||
|---|---|---|---|
| 005 | 20250605164159.0 | ||
| 008 | 250528s ||||||||||||||||||||||||d | ||
| 035 | _a19719 | ||
| 020 | _a9608802903 | ||
| 040 |
_aGR-AtMCL _bgre _dGR-AtMCL _eAACR2 |
||
| 245 | 1 | _aΤΗΣ ΑΓΑΠΗΣ ΕΝΕΚΕΝ | |
| 250 | _a1 | ||
| 260 |
_bΓραμμα, _c2004 |
||
| 300 | _a263 | ||
| 700 | 1 |
_aΤσουραπας Βαγγελης _95920 |
|
| 942 | _cBK | ||
| 999 |
_c4975 _d4975 |
||